[Event "Championnat de la Loire Jeunes 2007 - Be"]
[Site "St-Just St-Rambert"]
[Date "2007.10.27"]
[Round "1.1"]
[White "Doucet, Medhi"]
[Black "Chambosse, Alexis"]
[Result "1-0"]
[WhiteElo "1690"]
[BlackElo "1380"]
[PlyCount "69"]
[EventDate "2007.??.??"]

1. c4 c6 2. Nc3 d5 3. d4 Nf6 4. cxd5 cxd5 5. e3 Nc6 6. Nf3 Bf5 7. Bb5 Rc8 8.
Ne5 a6 9. Nxc6 bxc6 10. Bxa6 Rb8 11. Bd3 Bxd3 12. Qxd3 e6 13. O-O Bd6 14. f4
O-O 15. e4 Nh5 16. e5 Be7 17. g4 Nxf4 18. Rxf4 Bg5 19. Rf2 Bxc1 20. Rxc1 Qh4
21. Rcc2 f6 22. exf6 Rxf6 23. Rxf6 Qxf6 24. Qe3 Rf8 25. Rf2 Qh4 26. Rxf8+ Kxf8
27. Qf2+ Qxf2+ 28. Kxf2 Kf7 29. a4 Kf6 30. a5 Kg5 31. a6 Kxg4 32. a7 g5 33.
a8=Q h5 34. Qf8 h4 35. Qf3# 1-0

[Event "Championnat de la Loire Jeunes 2007 - Be"]
[Site "St-Just St-Rambert"]
[Date "2007.10.27"]
[Round "1.2"]
[White "Masson, Guillaume"]
[Black "Oriol, Nicolas"]
[Result "1-0"]
[WhiteElo "1270"]
[BlackElo "1560"]
[PlyCount "41"]
[EventDate "2007.??.??"]

1. e4 e5 2. Nf3 Nc6 3. d4 exd4 4. Nxd4 Bc5 5. Nxc6 Qf6 6. Be3 Bxe3 7. fxe3 Qxc6
8. Nc3 d6 9. Bb5 Bd7 10. Bxc6 Bxc6 11. Qd4 Nf6 12. Nd5 Bxd5 13. exd5 O-O 14. h3
Rae8 15. O-O-O Re5 16. Qxa7 Nxd5 17. Rhe1 b6 18. e4 Ne7 19. Qxc7 Re8 20. Qxd6
Re6 21. Qd7 1-0

[Event "Championnat de la Loire Jeunes 2007 - Be"]
[Site "St-Just St-Rambert"]
[Date "2007.10.27"]
[Round "1.3"]
[White "Moleins, Adrien"]
[Black "Bader, Gaetan"]
[Result "1-0"]
[WhiteElo "1550"]
[BlackElo "1199"]
[PlyCount "67"]
[EventDate "2007.??.??"]

1. e4 e5 2. Nf3 Nc6 3. Bc4 Nf6 4. d4 d6 5. dxe5 dxe5 6. Ng5 Qe7 7. Bxf7+ Qxf7
8. Nxf7 Kxf7 9. O-O Bd6 10. a3 Bg4 11. Qd3 Rhd8 12. Qb3+ Kf8 13. Qxb7 Nd4 14.
Nc3 Nxc2 15. Rb1 Nd4 16. Bg5 Rdb8 17. Qa6 Nd7 18. b4 Rb6 19. Qd3 h6 20. Be3 Be2
21. Nxe2 Rab8 22. Nxd4 exd4 23. Bxd4 R6b7 24. Qc3 c5 25. Bxg7+ Ke8 26. Qd2 Bc7
27. Qxh6 cxb4 28. Qc6 Kd8 29. Bf6+ Nxf6 30. Qxf6+ Kc8 31. Qe6+ Kd8 32. Rbd1+
Bd6 33. Rxd6+ Kc7 34. Qd7# 1-0

[Event "Championnat de la Loire Jeunes 2007 - Be"]
[Site "St-Just St-Rambert"]
[Date "2007.10.27"]
[Round "1.4"]
[White "Muller, Anthony"]
[Black "Paratcha, Yohan"]
[Result "1-0"]
[WhiteElo "1199"]
[BlackElo "1520"]
[PlyCount "80"]
[EventDate "2007.??.??"]

1. e4 c6 2. d4 d5 3. exd5 cxd5 4. Nf3 Nf6 5. Bf4 Nc6 6. Nbd2 Bg4 7. c3 Qb6 8.
Qc2 e6 9. Bd3 Nh5 10. Bg3 Nxg3 11. fxg3 g6 12. O-O Bh6 13. Kh1 O-O 14. h3 Bf5
15. Nb3 Rfe8 16. Rae1 Bg7 17. Rf2 Bxd3 18. Qxd3 e5 19. Qd2 e4 20. Nh2 Re6 21.
Qe3 Rf8 22. Nc5 Re7 23. Ng4 f5 24. Nh2 Qc7 25. Ref1 b5 26. g4 Qc8 27. gxf5 gxf5
28. Qg5 Ref7 29. Rf4 Rf6 30. Rh4 h6 31. Qf4 b4 32. Rb1 a5 33. a3 Qe8 34. Nf1
Qf7 35. Ne3 Rb8 36. axb4 axb4 37. Ra1 bxc3 38. bxc3 Kh7 39. Kh2 Rb2 40. Rf1 Ne7
1-0

[Event "Championnat de la Loire Jeunes 2007 - Be"]
[Site "St-Just St-Rambert"]
[Date "2007.10.27"]
[Round "1.5"]
[White "Carrot, Axel"]
[Black "Swietlicki, Jordan"]
[Result "1-0"]
[WhiteElo "1480"]
[BlackElo "1199"]
[PlyCount "61"]
[EventDate "2007.??.??"]

1. e4 e5 2. Nf3 Nc6 3. d4 f6 4. dxe5 Nxe5 5. Nxe5 fxe5 6. Bc4 Nf6 7. Bg5 Be7 8.
Nc3 d6 9. Nd5 c6 10. Nxf6+ Bxf6 11. Bxf6 Qxf6 12. Qe2 b5 13. Bb3 Be6 14. Bxe6
Qxe6 15. b3 O-O 16. O-O-O a5 17. f3 a4 18. Qd3 Rfd8 19. Qc3 Qh6+ 20. Kb2 a3+
21. Kb1 c5 22. Rd5 b4 23. Qc4 Qe3 24. Rd3+ Kh8 25. Rxe3 Rf8 26. Rd1 Rad8 27.
Red3 Rf6 28. Qa6 Rg8 29. Rxd6 Rxd6 30. Rxd6 h6 31. Qb6 1-0

[Event "Championnat de la Loire Jeunes 2007 - Be"]
[Site "St-Just St-Rambert"]
[Date "2007.10.27"]
[Round "2.1"]
[White "Masson, Guillaume"]
[Black "Doucet, Medhi"]
[Result "0-1"]
[WhiteElo "1270"]
[BlackElo "1690"]
[PlyCount "64"]
[EventDate "2007.??.??"]

1. e4 e5 2. Nf3 Nc6 3. d4 exd4 4. Nxd4 Bc5 5. Nxc6 bxc6 6. Nc3 d6 7. f3 Be6 8.
Bf4 Qf6 9. Qd2 Bd4 10. Be3 Bxc3 11. Qxc3 Qxc3+ 12. bxc3 c5 13. Bb5+ Ke7 14.
Bg5+ f6 15. Bd2 Rb8 16. c4 c6 17. Bxc6 Bxc4 18. a3 Rb6 19. Bd5 Bxd5 20. exd5
Kd7 21. c4 Ne7 22. O-O Nf5 23. Rab1 Rhb8 24. Rxb6 Rxb6 25. a4 Rb2 26. Bf4 Nd4
27. Rf2 Rb1+ 28. Rf1 Ne2+ 29. Kf2 Rxf1+ 30. Kxf1 Nxf4 31. g3 Nd3 32. Ke2 Nb2
0-1

[Event "Championnat de la Loire Jeunes 2007 - Be"]
[Site "St-Just St-Rambert"]
[Date "2007.10.27"]
[Round "2.2"]
[White "Muller, Anthony"]
[Black "Moleins, Adrien"]
[Result "1/2-1/2"]
[WhiteElo "1199"]
[BlackElo "1550"]
[PlyCount "70"]
[EventDate "2007.??.??"]

1. e4 e5 2. Nf3 Nc6 3. Bc4 Bc5 4. Nc3 Nf6 5. d3 h6 6. h3 d6 7. Be3 Bxe3 8. fxe3
Na5 9. Bb3 Nxb3 10. axb3 O-O 11. O-O c6 12. Qd2 Qc7 13. Qf2 b6 14. Nh4 Be6 15.
Qg3 Qe7 16. Nf5 Bxf5 17. Rxf5 Ne8 18. Nd1 Kh8 19. Nf2 g6 20. Rf3 Ng7 21. Nh1 f5
22. exf5 gxf5 23. Rff1 Rf6 24. Qf3 d5 25. e4 dxe4 26. dxe4 f4 27. Nf2 Rg6 28.
Nd3 Rg3 29. Qf2 Nh5 30. Qe2 Rxg2+ 31. Qxg2 Rg8 32. Qxg8+ Kxg8 33. Rf2 Kf7 34.
Rg2 Ke6 35. Rg6+ Kf7 1/2-1/2

[Event "Championnat de la Loire Jeunes 2007 - Be"]
[Site "St-Just St-Rambert"]
[Date "2007.10.27"]
[Round "2.3"]
[White "Schlick, Paul"]
[Black "Carrot, Axel"]
[Result "0-1"]
[WhiteElo "1070"]
[BlackElo "1480"]
[PlyCount "78"]
[EventDate "2007.??.??"]

1. d4 d5 2. e3 Bf5 3. c4 e6 4. Nc3 Nf6 5. Nf3 Be7 6. Be2 O-O 7. Bd2 Nbd7 8. a3
Ne4 9. Nxe4 Bxe4 10. O-O Bxf3 11. Bxf3 dxc4 12. Bxb7 Rb8 13. Bf3 Rxb2 14. Qc1
Qb8 15. Rb1 Rxb1 16. Qxb1 Qxb1 17. Rxb1 Rb8 18. Bb4 Bxb4 19. Rxb4 Rxb4 20. axb4
Nb6 21. Be4 c3 22. Bc2 Kf8 23. Kf1 Ke7 24. Ke2 Kd6 25. Kd3 Nd5 26. Kc4 Kc6 27.
Bxh7 g6 28. Bg8 c2 29. b5+ Kd7 30. Bxf7 c1=Q+ 31. Kd3 Ke7 32. Bxg6 Qb1+ 33. Ke2
Qxg6 34. g3 Kd7 35. h4 c6 36. bxc6+ Kxc6 37. f3 a5 38. e4 Nb4 39. Kd2 a4 0-1

[Event "Championnat de la Loire Jeunes 2007 - Be"]
[Site "St-Just St-Rambert"]
[Date "2007.10.27"]
[Round "2.4"]
[White "Oriol, Nicolas"]
[Black "Chambosse, Alexis"]
[Result "0-1"]
[WhiteElo "1560"]
[BlackElo "1380"]
[PlyCount "62"]
[EventDate "2007.??.??"]

1. e4 e5 2. Nf3 d6 3. d4 exd4 4. Nxd4 Nf6 5. Nc3 b6 6. Bd3 Bb7 7. O-O Be7 8.
Qf3 O-O 9. Nf5 h6 10. Nxe7+ Qxe7 11. Qg3 Nh5 12. Qg4 Nf6 13. Qe2 Nbd7 14. f3
Rfe8 15. Re1 Nc5 16. Bf4 Nh5 17. Bd2 Nxd3 18. Qxd3 d5 19. Nxd5 Bxd5 20. exd5
Qf6 21. Bc3 Qg5 22. Bd2 Nf4 23. Bxf4 Qxf4 24. g3 Qf6 25. b3 Re7 26. Re3 Rxe3
27. Qxe3 Qxa1+ 28. Kg2 Qxa2 29. Qe7 Qxc2+ 30. Kh3 Qf5+ 31. g4 Qxf3+ 0-1

[Event "Championnat de la Loire Jeunes 2007 - Be"]
[Site "St-Just St-Rambert"]
[Date "2007.10.27"]
[Round "2.5"]
[White "Paratcha, Yohan"]
[Black "Bader, Gaetan"]
[Result "1-0"]
[WhiteElo "1520"]
[BlackElo "1199"]
[PlyCount "51"]
[EventDate "2007.??.??"]

1. e4 e5 2. Nf3 Nc6 3. d4 d6 4. d5 Nb4 5. Bd2 Na6 6. Nc3 Nc5 7. Be3 Nd7 8. Bb5
c6 9. dxc6 bxc6 10. Bxc6 Rb8 11. b3 Be7 12. Bxa7 Rb4 13. O-O Bh4 14. Re1 Ngf6
15. Qxd6 Ng4 16. Nd5 Rb7 17. Bxb7 Bxb7 18. Nc7+ Qxc7 19. Qxc7 Ke7 20. Red1 Rc8
21. Qxd7+ Kf6 22. h3 Bxf2+ 23. Bxf2 Rxc2 24. Bh4+ Kg6 25. Qxg4+ Kh6 26. Qg5#
1-0

[Event "Championnat de la Loire Jeunes 2007 - Be"]
[Site "St-Just St-Rambert"]
[Date "2007.10.27"]
[Round "3.1"]
[White "Doucet, Medhi"]
[Black "Carrot, Axel"]
[Result "1-0"]
[WhiteElo "1690"]
[BlackElo "1480"]
[PlyCount "68"]
[EventDate "2007.??.??"]

1. c4 e5 2. Nc3 Nf6 3. e4 Bc5 4. d3 Nc6 5. Be2 d6 6. Nf3 O-O 7. O-O Bg4 8. a3
a6 9. Nd5 Bxf3 10. Bxf3 Nxd5 11. cxd5 Nd4 12. Be3 Qf6 13. Bxd4 Bxd4 14. Qb3
Rab8 15. Rac1 Qe7 16. Rc2 f6 17. Rfc1 Bb6 18. Bg4 Kh8 19. Be6 Rfe8 20. a4 Qd8
21. Qa2 Re7 22. b4 Ra8 23. a5 Ba7 24. Rc4 b6 25. Qc2 bxa5 26. bxa5 Bc5 27. Rb1
Rb8 28. Rc3 Bb4 29. Rcb3 c5 30. dxc6 Qxa5 31. Qb2 Rxe6 32. Rxb4 Rxb4 33. Qxb4
Qxb4 34. Rxb4 Re8 1-0

[Event "Championnat de la Loire Jeunes 2007 - Be"]
[Site "St-Just St-Rambert"]
[Date "2007.10.27"]
[Round "3.2"]
[White "Moleins, Adrien"]
[Black "Paratcha, Yohan"]
[Result "1-0"]
[WhiteElo "1550"]
[BlackElo "1520"]
[PlyCount "85"]
[EventDate "2007.??.??"]

1. e4 c6 2. d4 d5 3. e5 Bf5 4. Nc3 e6 5. h4 Bb4 6. g4 Be4 7. f3 Bxc2 8. Qxc2
Qb6 9. Be3 Nd7 10. Kf2 Ne7 11. Na4 Qc7 12. a3 Ba5 13. b4 Bb6 14. Bd3 g6 15. Nc3
Rc8 16. Nge2 a5 17. Qb2 axb4 18. axb4 O-O 19. Rac1 Qb8 20. Kg2 f5 21. g5 Ba7
22. Nf4 Kf7 23. Qd2 b6 24. Nce2 c5 25. Bb5 Rfd8 26. Bxd7 Rxd7 27. Nxe6 Kxe6 28.
Nf4+ Kf7 29. e6+ Ke8 30. exd7+ Kxd7 31. dxc5 bxc5 32. Nxd5 Nxd5 33. Qxd5+ Ke8
34. Qg8+ Kd7 35. Rhd1+ Ke7 36. Qxh7+ Kf8 37. Qh8+ Kf7 38. Qf6+ Ke8 39. Qxg6+
Ke7 40. Qf6+ Ke8 41. Qe6+ Kf8 42. Rd7 Rc7 43. Qf7# 1-0

[Event "Championnat de la Loire Jeunes 2007 - Be"]
[Site "St-Just St-Rambert"]
[Date "2007.10.27"]
[Round "3.3"]
[White "Chambosse, Alexis"]
[Black "Muller, Anthony"]
[Result "0-1"]
[WhiteElo "1380"]
[BlackElo "1199"]
[PlyCount "60"]
[EventDate "2007.??.??"]

1. e4 e5 2. Nf3 Nc6 3. Bb5 a6 4. Bxc6 dxc6 5. Nxe5 Qd4 6. Nf3 Qxe4+ 7. Kf1 Bg4
8. d3 Bxf3 9. gxf3 Qe6 10. Rg1 Qh3+ 11. Rg2 g6 12. Bf4 Bg7 13. c3 Qd7 14. Nd2
Qxd3+ 15. Kg1 Qd7 16. Qc2 Ne7 17. Rd1 Rd8 18. Kh1 O-O 19. Rgg1 Nd5 20. Ne4 Qf5
21. Bg3 Qxf3+ 22. Rg2 Nf4 23. Bxf4 Rxd1+ 24. Qxd1 Qxd1+ 25. Rg1 Qf3+ 26. Rg2
Rd8 27. Bd2 Qxe4 28. h3 Rxd2 29. b3 Rxf2 30. h4 Qxg2# 0-1

[Event "Championnat de la Loire Jeunes 2007 - Be"]
[Site "St-Just St-Rambert"]
[Date "2007.10.27"]
[Round "3.4"]
[White "Swietlicki, Jordan"]
[Black "Schlick, Paul"]
[Result "1/2-1/2"]
[WhiteElo "1199"]
[BlackElo "1070"]
[PlyCount "147"]
[EventDate "2007.??.??"]

1. e4 e6 2. d4 d5 3. Bd3 c5 4. Nf3 Nf6 5. e5 Nfd7 6. Be3 c4 7. Be2 Nc6 8. Nc3
Be7 9. O-O Nb6 10. a4 a5 11. Nb5 Na7 12. Nxa7 Rxa7 13. b3 Bd7 14. c3 O-O 15.
bxc4 dxc4 16. Nd2 Qc7 17. Rb1 Bxa4 18. Qe1 Bb3 19. Nxb3 cxb3 20. Rxb3 a4 21.
Rb1 Nc4 22. Qc1 Nxe3 23. Qxe3 a3 24. d5 Qc5 25. Qxc5 Bxc5 26. d6 f6 27. d7 fxe5
28. Rfd1 Rd8 29. Bc4 Kf7 30. Kf1 b6 31. Bb5 Ke7 32. h4 a2 33. Ra1 Ra5 34. Bc4
Rxd7 35. Rxd7+ Kxd7 36. Bxa2 Ra3 37. Rd1+ Bd6 38. Bb1 g6 39. c4 Rc3 40. Bd3 Kc7
41. g4 Ba3 42. h5 Rc1 43. Rxc1 Bxc1 44. hxg6 hxg6 45. Bxg6 Bg5 46. Bf7 Kd6 47.
Ke2 Ke7 48. Bg6 Kf6 49. Bc2 Bf4 50. Kd3 Kg5 51. f3 Bh2 52. Kc3 Bg1 53. Bb3 Bc5
54. Kd3 Kf4 55. Ba4 e4+ 56. fxe4 Kxg4 57. Bd7 Kf4 58. Bxe6 Ke5 59. Bc8 Bd4 60.
Bb7 Bc5 61. Kc3 Bd4+ 62. Kb4 Bc5+ 63. Kb5 Kd4 64. Ka4 Kxc4 65. e5 b5+ 66. Ka5
b4 67. e6 b3 68. e7 Bxe7 69. Ka4 b2 70. Be4 Bg5 71. Ka3 Bc1 72. Ka2 Kc3 73. Kb1
Kd4 74. Bf5 1/2-1/2

[Event "Championnat de la Loire Jeunes 2007 - Be"]
[Site "St-Just St-Rambert"]
[Date "2007.10.27"]
[Round "3.5"]
[White "Bader, Gaetan"]
[Black "Masson, Guillaume"]
[Result "1/2-1/2"]
[WhiteElo "1199"]
[BlackElo "1270"]
[PlyCount "104"]
[EventDate "2007.??.??"]

1. e4 c6 2. Nc3 d5 3. d3 d4 4. Nce2 e5 5. Nf3 Nd7 6. Bg5 Be7 7. Bd2 Ngf6 8. Ng3
Qb6 9. Qb1 Nc5 10. Nxe5 Na4 11. b3 Nc3 12. Bxc3 dxc3 13. Be2 h5 14. O-O h4 15.
Nf5 Qc5 16. Nxg7+ Kf8 17. Nf5 Qxe5 18. Qc1 Bxf5 19. Bf3 Ng4 20. Bxg4 Bxg4 21.
h3 Bg5 22. Qe1 Bh5 23. a4 Rg8 24. f3 Qd4+ 25. Kh1 Re8 26. Rd1 Bd2 27. Qe2 Rg3
28. a5 b6 29. axb6 axb6 30. Rf2 Ra8 31. Rxd2 cxd2 32. Qxd2 Ra1+ 33. Kh2 Qe5 34.
Qh6+ Ke8 35. Qxc6+ Kf8 36. Qc8+ Ke7 37. Qb7+ Kd8 38. Qxb6+ Kc8 39. Qc6+ Qc7 40.
Qxc7+ Kxc7 41. c3 Ra3 42. Rb2 Bxf3 43. gxf3 Rxf3 44. d4 Rxc3 45. b4 Rab3 46.
Rd2 Rxb4 47. e5 Rbc4 48. Rf2 Rc2 49. Kg2 Rxd4 50. Rxc2+ Kd7 51. Kf3 Ke6 52. Rc5
Ra4 1/2-1/2

[Event "Championnat de la Loire Jeunes 2007 - Be"]
[Site "St-Just St-Rambert"]
[Date "2007.10.28"]
[Round "4.1"]
[White "Moleins, Adrien"]
[Black "Doucet, Medhi"]
[Result "1/2-1/2"]
[WhiteElo "1550"]
[BlackElo "1690"]
[PlyCount "51"]
[EventDate "2007.??.??"]

1. e4 e5 2. Nf3 Nc6 3. Bc4 Be7 4. O-O Nf6 5. d3 O-O 6. c3 d6 7. h3 Na5 8. Bb3
Nxb3 9. Qxb3 c5 10. Be3 b6 11. Nbd2 Ba6 12. c4 Qd7 13. a4 Bb7 14. Qd1 a6 15. b3
b5 16. Qc2 b4 17. Rfd1 a5 18. Nf1 Ne8 19. N3h2 Nc7 20. f4 f5 21. fxe5 dxe5 22.
exf5 Qxf5 23. Bc1 Qg6 24. Bb2 Bh4 25. Rd2 Bg3 26. Ng4 1/2-1/2

[Event "Championnat de la Loire Jeunes 2007 - Be"]
[Site "St-Just St-Rambert"]
[Date "2007.10.28"]
[Round "4.2"]
[White "Carrot, Axel"]
[Black "Muller, Anthony"]
[Result "0-1"]
[WhiteElo "1480"]
[BlackElo "1199"]
[PlyCount "94"]
[EventDate "2007.??.??"]

1. e4 e5 2. Nf3 Nc6 3. d4 exd4 4. Nxd4 Bc5 5. Nxc6 Qf6 6. f3 Qxc6 7. Nc3 Bb4 8.
Bd2 a6 9. Qe2 d6 10. Qc4 Qxc4 11. Bxc4 Be6 12. Bd5 Bxd5 13. Nxd5 Bxd2+ 14. Kxd2
O-O-O 15. Ke2 c6 16. Nc3 Ne7 17. Rad1 f5 18. exf5 Nxf5 19. Kf2 d5 20. Rhe1 Rde8
21. Na4 g6 22. c3 Ng7 23. Rxe8+ Rxe8 24. Re1 Rxe1 25. Kxe1 Ne6 26. b3 Kd7 27.
g3 b5 28. Nb2 c5 29. Ke2 Kd6 30. Ke3 Ke5 31. Nd3+ Kf5 32. Nxc5 Nxc5 33. Kd4
Nxb3+ 34. axb3 Ke6 35. Kc5 Ke5 36. Kb6 b4 37. Kxa6 bxc3 38. b4 c2 39. b5 c1=Q
40. Kb7 Kd6 41. Kb8 Kd7 42. b6 d4 43. f4 d3 44. f5 gxf5 45. g4 d2 46. gxf5 d1=Q
47. f6 Qd6+ 0-1

[Event "Championnat de la Loire Jeunes 2007 - Be"]
[Site "St-Just St-Rambert"]
[Date "2007.10.28"]
[Round "4.3"]
[White "Schlick, Paul"]
[Black "Masson, Guillaume"]
[Result "0-1"]
[WhiteElo "1070"]
[BlackElo "1270"]
[PlyCount "50"]
[EventDate "2007.??.??"]

1. d4 c6 2. c4 d5 3. e3 Nf6 4. Nc3 Bf5 5. Nf3 Nbd7 6. Be2 e6 7. c5 b6 8. b4
bxc5 9. bxc5 Qc7 10. O-O e5 11. Nxe5 Nxe5 12. dxe5 Qxe5 13. Qd4 Qxd4 14. exd4
Be7 15. Re1 Rb8 16. Bg4 Rb4 17. Be3 O-O 18. a3 Rb3 19. Rec1 Ne4 20. Nxe4 Bxe4
21. f3 Rxe3 22. fxe4 Rxe4 23. Bf3 Rxd4 24. Rcb1 Bxc5 25. Rb7 Rd1# 0-1

[Event "Championnat de la Loire Jeunes 2007 - Be"]
[Site "St-Just St-Rambert"]
[Date "2007.10.28"]
[Round "4.4"]
[White "Chambosse, Alexis"]
[Black "Swietlicki, Jordan"]
[Result "1-0"]
[WhiteElo "1380"]
[BlackElo "1199"]
[PlyCount "73"]
[EventDate "2007.??.??"]

1. e4 e5 2. Nf3 d6 3. d4 exd4 4. Nxd4 Nf6 5. Nc3 Bd7 6. Bd3 Be7 7. h3 O-O 8.
O-O h6 9. Qf3 Nc6 10. Nxc6 Bxc6 11. Be3 a6 12. a4 d5 13. exd5 Nxd5 14. Nxd5
Bxd5 15. Qg3 Bf6 16. c3 Bg5 17. Rae1 f5 18. Bc5 f4 19. Qg4 Re8 20. Qf5 b6 21.
Qh7+ Kf7 22. Rxe8 Qxe8 23. Bg6+ Ke6 24. Bxe8 Rxe8 25. Bd4 c5 26. Bxg7 Re7 27.
Re1+ Kd6 28. Qg6+ Be6 29. Bf8 Bf6 30. Bxe7+ Kxe7 31. Qxh6 Kf7 32. Qh7+ Bg7 33.
b4 cxb4 34. cxb4 Bb3 35. Qf5+ Bf6 36. Qd7+ Kg6 37. Qd3+ 1-0

[Event "Championnat de la Loire Jeunes 2007 - Be"]
[Site "St-Just St-Rambert"]
[Date "2007.10.28"]
[Round "4.5"]
[White "Paratcha, Yohan"]
[Black "Oriol, Nicolas"]
[Result "1-0"]
[WhiteElo "1520"]
[BlackElo "1560"]
[PlyCount "51"]
[EventDate "2007.??.??"]

1. e4 e5 2. Nf3 Nc6 3. d4 exd4 4. Nxd4 Bc5 5. Nxc6 Qf6 6. Qd2 Qxc6 7. Bd3 f5 8.
Qe2 Nf6 9. exf5+ Be7 10. O-O b6 11. Re1 O-O 12. Nd2 Bb7 13. Nf3 Bc5 14. Bg5
Rae8 15. Qf1 Rxe1 16. Rxe1 Nh5 17. Bc4+ Kh8 18. Ne5 Qd6 19. Nf7+ Rxf7 20. Bxf7
g6 21. Bf6+ Nxf6 22. Bb3 Ne4 23. Rd1 Qf6 24. Qc4 d5 25. Rxd5 Nxf2 26. Rxc5 1-0

[Event "Championnat de la Loire Jeunes 2007 - Be"]
[Site "St-Just St-Rambert"]
[Date "2007.10.28"]
[Round "5.1"]
[White "Muller, Anthony"]
[Black "Doucet, Medhi"]
[Result "1-0"]
[WhiteElo "1199"]
[BlackElo "1690"]
[PlyCount "90"]
[EventDate "2007.??.??"]

1. e4 e5 2. Nf3 Nc6 3. Bc4 Be7 4. Nc3 Nf6 5. h3 d6 6. d3 O-O 7. Be3 a6 8. O-O
Na5 9. Bb3 Nxb3 10. axb3 c5 11. Nh2 Nd7 12. f4 f5 13. exf5 Rxf5 14. Qd2 exf4
15. Rxf4 Nb6 16. Raf1 Rxf4 17. Bxf4 Be6 18. Qe3 Bd5 19. Nxd5 Nxd5 20. Qe6+ Kh8
21. Qxd5 Qd7 22. Nf3 Rf8 23. Ng5 Qf5 24. Qxf5 Rxf5 25. Bd2 Rxf1+ 26. Kxf1 Kg8
27. Kf2 h6 28. Nf3 Kf7 29. d4 b6 30. d5 a5 31. g4 g5 32. h4 Kg6 33. hxg5 hxg5
34. c4 Bd8 35. Bxg5 Bxg5 36. Nxg5 Kxg5 37. Kg3 Kg6 38. Kf4 Kf6 39. g5+ Kg6 40.
Kg4 Kg7 41. Kf5 Kf7 42. g6+ Kg7 43. Kg5 Kg8 44. Kf6 Kf8 45. Ke6 Kg7 1-0

[Event "Championnat de la Loire Jeunes 2007 - Be"]
[Site "St-Just St-Rambert"]
[Date "????.??.??"]
[Round "5.2"]
[White "Masson, Guillaume"]
[Black "Moleins, Adrien"]
[Result "0-1"]
[WhiteElo "1270"]
[BlackElo "1550"]
[PlyCount "36"]

1. e4 e5 2. Nf3 Nc6 3. d4 exd4 4. Nxd4 Bc5 5. Nxc6 Qf6 6. f3 dxc6 7. Nc3 Bd7 8.
Bc4 O-O-O 9. Bd2 Bg4 10. Qe2 Be6 11. O-O-O Ne7 12. a3 Ng6 13. b4 Qd4 14. Bxe6+
fxe6 15. Qd3 Nf4 16. Bxf4 Qxc3 17. Qe3 Bxe3+ 18. Bxe3 Qa1# 0-1

[Event "Championnat de la Loire Jeunes 2007 - Be"]
[Site "St-Just St-Rambert"]
[Date "2007.10.28"]
[Round "5.3"]
[White "Swietlicki, Jordan"]
[Black "Paratcha, Yohan"]
[Result "1-0"]
[WhiteElo "1199"]
[BlackElo "1520"]
[PlyCount "143"]
[EventDate "2007.??.??"]

1. e4 c6 2. d4 d5 3. Nc3 Nf6 4. e5 Ng4 5. Be3 Nxe3 6. fxe3 Qb6 7. Rb1 Bf5 8.
Bd3 Bxd3 9. Qxd3 e6 10. Nge2 c5 11. O-O Be7 12. Nf4 Nc6 13. Nb5 a6 14. Nd6+
Bxd6 15. exd6 Rd8 16. Nh5 O-O 17. e4 c4 18. Qg3 Qxd4+ 19. Kh1 g6 20. Nf6+ Kh8
21. Qh4 h5 22. Qf4 Kg7 23. d7 Qe5 24. g4 hxg4 25. Qxg4 b5 26. Rbe1 d4 27. Qh4
Rh8 28. Qf2 Rdf8 29. h4 a5 30. h5 Rxh5+ 31. Nxh5+ Qxh5+ 32. Kg2 Qg4+ 33. Qg3
Qxg3+ 34. Kxg3 e5 35. c3 d3 36. Rd1 Rd8 37. b3 Rxd7 38. bxc4 bxc4 39. Rf2 Rb7
40. Rdd2 Na7 41. Rb2 Nb5 42. a4 Nxc3 43. Rxb7 Nxe4+ 44. Kf3 Nxf2 45. Kxf2 d2
46. Ke2 c3 47. Rc7 Kh6 48. Rxc3 f5 49. Kxd2 Kg5 50. Rc5 e4 51. Rxa5 Kg4 52. Ke3
g5 53. Rb5 f4+ 54. Kxe4 f3 55. Ke3 Kh4 56. Kxf3 g4+ 57. Kg2 g3 58. Rb4+ Kh5 59.
Kxg3 Kg5 60. a5 Kf5 61. a6 Ke5 62. a7 Kd5 63. a8=Q+ Kc5 64. Qa5+ Kc6 65. Rd4
Kb7 66. Qc5 Ka6 67. Rd6+ Kb7 68. Qc6+ Kb8 69. Qd7 Ka8 70. Qd8+ Ka7 71. Qe7+ Ka8
72. Rd8# 1-0

[Event "Championnat de la Loire Jeunes 2007 - Be"]
[Site "St-Just St-Rambert"]
[Date "2007.10.28"]
[Round "5.4"]
[White "Bader, Gaetan"]
[Black "Chambosse, Alexis"]
[Result "1/2-1/2"]
[WhiteElo "1199"]
[BlackElo "1380"]
[PlyCount "174"]
[EventDate "2007.??.??"]

1. e4 e5 2. Nf3 Nc6 3. Bb5 d6 4. d3 Bd7 5. Bd2 Nf6 6. Nc3 Be7 7. Qe2 Nb4 8. Qd1
c6 9. Ba4 b5 10. Bb3 O-O 11. a3 Na6 12. Qe2 Nc5 13. Ba2 Rb8 14. O-O b4 15. Nd1
a5 16. Ne3 Be6 17. Bb1 d5 18. axb4 axb4 19. Ng5 Nfxe4 20. dxe4 Bxg5 21. exd5
Bxe3 22. Bxe3 Bxd5 23. Bxc5 Qf6 24. Bxf8 Rxf8 25. c3 bxc3 26. Qd3 g6 27. Qxc3
Rb8 28. b4 Qe7 29. Ra4 Qf6 30. Re1 Re8 31. Be4 Bxe4 32. Rxe4 Qf5 33. b5 cxb5
34. Rab4 Rc8 35. Qd3 Rc1+ 36. Qf1 Rxf1+ 37. Kxf1 Kg7 38. f3 Qh5 39. Kf2 Qxh2
40. Rxb5 Qh6 41. Rexe5 Qd2+ 42. Kg3 h5 43. Re7 Qd6+ 44. Ree5 Qf6 45. Red5 Qc6
46. Rdc5 Qd6+ 47. Kf2 Qd2+ 48. Kg3 Kh6 49. Rc8 Qd6+ 50. Kf2 Kg7 51. Rbb8 h4 52.
Rg8+ Kf6 53. Rbd8 Qg3+ 54. Ke3 Qxg2 55. Rd6+ Kf5 56. Rgd8 h3 57. Rd5+ Kf6 58.
Rd2 Qg1+ 59. Kf4 h2 60. R2d6+ Kg7 61. Rd1 h1=Q 62. Rxg1 Qxg1 63. Rd3 g5+ 64.
Ke4 f6 65. Kf5 Qc5+ 66. Kg4 Kg6 67. Rb3 Qe7 68. Rc3 Qh7 69. Kg3 Qh4+ 70. Kg2 g4
71. f4 f5 72. Rc6+ Kf7 73. Rc7+ Ke6 74. Rc6+ Kd5 75. Ra6 Qh3+ 76. Kf2 g3+ 77.
Kf3 g2+ 78. Kf2 Ke4 79. Ra4+ Kd5 80. Ra5+ Ke6 81. Re5+ Kf6 82. Kg1 Qh1+ 83. Kf2
g1=Q+ 84. Ke2 Qh3 85. Kd2 Qa1 86. Re3 Qa2+ 87. Kd1 Qxe3 1/2-1/2

[Event "Championnat de la Loire Jeunes 2007 - Be"]
[Site "St-Just St-Rambert"]
[Date "????.??.??"]
[Round "5.5"]
[White "Oriol, Nicolas"]
[Black "Schlick, Paul"]
[Result "0-1"]
[WhiteElo "1560"]
[BlackElo "1070"]
[PlyCount "88"]

1. e4 c5 2. Nf3 e6 3. d4 Nf6 4. Nbd2 d5 5. e5 Nfd7 6. c3 Be7 7. Qc2 f6 8. exf6
Nxf6 9. dxc5 Bxc5 10. Nb3 b6 11. Nxc5 bxc5 12. Bg5 Nc6 13. Bb5 Bd7 14. O-O O-O
15. Bd3 g6 16. h4 c4 17. Bxg6 hxg6 18. Qxg6+ Kh8 19. h5 Be8 20. Qh6+ Kg8 21.
Nh4 Qe7 22. Ng6 Bxg6 23. hxg6 Qg7 24. Qh4 Qxg6 25. f4 Kg7 26. Rf3 Qh7 27. Bxf6+
Rxf6 28. Qe1 Rh8 29. Rg3+ Kf7 30. Rh3 Qg7 31. Rxh8 Qxh8 32. Qe3 Rh6 33. Re1
Rh1+ 34. Kf2 Qh4+ 35. g3 Qh2+ 36. Kf3 Rxe1 37. Qxe1 Qxb2 38. Kg4 Ne7 39. Kh5
Qc2 40. Qe5 Qf5+ 41. Qxf5+ Nxf5 42. g4 Ng7+ 43. Kh6 Ne8 44. Kg5 Nd6 0-1